[Event "?"]
[Site "?"]
[Date "2011.06.02"]
[Round "1.1"]
[White "Watz, Roland"]
[Black "Bitzel, Hubert"]
[Result "0-1"]
[WhiteElo "1121"]
[BlackElo "1494"]
[PlyCount "28"]
[EventDate "2011.??.??"]
[WhiteTeam "SC Böblingen 1975 e.V."]
[BlackTeam "TSF Ditzingen"]

1. d4 d5 2. c4 c6 3. Nf3 f5 4. Nc3 e6 5. e3 Nf6 6. Bd2 Bd6 7. c5 Bc7 8. Be2 O-O
9. O-O Ne4 10. Be1 Nd7 11. Qc2 Rf6 12. Nd2 Bxh2+ 13. Kh1 Rh6 14. f3 Ng3+ 0-1

[Event "?"]
[Site "?"]
[Date "2011.06.02"]
[Round "1.2"]
[White "Graf, Maximilian"]
[Black "Gheng, Paul Dominik"]
[Result "1-0"]
[WhiteElo "1494"]
[BlackElo "1114"]
[PlyCount "87"]
[EventDate "2011.??.??"]
[WhiteTeam "SK e4 Gerlingen"]
[BlackTeam "SC Leinfelden"]

1. e4 c5 2. Nf3 d6 3. d4 cxd4 4. Nxd4 Nf6 5. Nc3 g6 6. Be2 Bg7 7. Be3 O-O 8.
O-O Nc6 9. Qd2 h5 10. h3 Nh7 11. Rad1 a6 12. f4 Qc7 13. Nd5 Qd8 14. c3 e6 15.
Nxc6 bxc6 16. Nb6 Rb8 17. Qxd6 Qxd6 18. Rxd6 Nf6 19. Rxc6 Nxe4 20. Nxc8 Rfxc8
21. Rxc8+ Rxc8 22. Bxa6 Rb8 23. Bd3 Ng3 24. Rf2 Rc8 25. Kh2 h4 26. Rc2 Kh7 27.
c4 Rd8 28. Rd2 Rc8 29. c5 e5 30. b4 e4 31. Ba6 Rc6 32. Rd6 Rc7 33. Bd4 Nf5 34.
Bxg7 Kxg7 35. Rb6 Ne7 36. Rb7 Rxb7 37. Bxb7 e3 38. Kg1 Kf8 39. Be4 f5 40. Bf3
Ke8 41. Kf1 Kd7 42. Ke2 Kc7 43. Kxe3 Nc6 44. Bxc6 1-0

[Event "?"]
[Site "?"]
[Date "2011.06.02"]
[Round "1.3"]
[White "Shankar, Ajay"]
[Black "Dallinger, Moritz"]
[Result "0-1"]
[WhiteElo "1103"]
[BlackElo "1489"]
[PlyCount "112"]
[EventDate "2011.??.??"]
[WhiteTeam "SG Königskinder Hohentübingen e."]
[BlackTeam "SV Stuttgart-Wolfbusch 1956 e.V."]

1. e4 c5 2. Nf3 e6 3. Nc3 a6 4. g3 b5 5. Bg2 Bb7 6. a3 Nf6 7. d3 Qc7 8. Bf4 d6
9. e5 Nd5 10. Nxd5 Bxd5 11. O-O Nd7 12. Re1 Be7 13. c4 Bb7 14. d4 d5 15. cxd5
Bxd5 16. Rc1 c4 17. a4 O-O 18. b3 c3 19. Bd2 b4 20. Qc2 Rfc8 21. Be3 a5 22. Ng5
Bxg5 23. Bxg5 Bxg2 24. Kxg2 Qb7+ 25. Kg1 Nb8 26. Re4 h6 27. Be3 Nc6 28. Rg4 h5
29. Rh4 g6 30. g4 Qe7 31. g5 Qb7 32. Qe4 Rab8 33. d5 Ne7 34. dxe6 Qxe4 35.
exf7+ Kxf7 36. Rxe4 Nf5 37. Bf4 Ke6 38. f3 Rd8 39. Rc4 Nd4 40. Kf2 Nxb3 41. Rb1
Nd2 42. Bxd2 Rxd2+ 43. Ke3 Rbd8 44. Ke4 c2 45. Rc1 b3 46. Rc6+ Ke7 47. Rb6 Rd1
48. Rxg6 Rxc1 49. Kf5 Rf8+ 50. Rf6 Rd1 51. g6 Rdd8 52. g7 Rxf6+ 53. exf6+ Kf7
54. h4 c1=Q 55. f4 Qc2+ 56. Kg5 Qg6# 0-1

[Event "?"]
[Site "?"]
[Date "2011.06.02"]
[Round "1.4"]
[White "Winterkorn, Nikolaus"]
[Black "Klein, Werner"]
[Result "1-0"]
[WhiteElo "1487"]
[BlackElo "1083"]
[PlyCount "81"]
[EventDate "2011.??.??"]
[WhiteTeam "DJK Sportbund Stuttgart e.V."]
[BlackTeam "SV Stuttgart-Wolfbusch 1956 e.V."]

1. Nf3 d5 2. d4 e6 3. Bf4 c5 4. c3 Nf6 5. Nbd2 Bd6 6. Bxd6 Qxd6 7. e3 a6 8. Bd3
O-O 9. O-O b5 10. h3 Nc6 11. Re1 Re8 12. Nf1 e5 13. dxe5 Nxe5 14. Bc2 Qc7 15.
N1d2 Bb7 16. Nxe5 Rxe5 17. Nf3 Re7 18. Nh2 Rae8 19. Qd2 Ne4 20. Bxe4 dxe4 21.
Rad1 Bc6 22. Nf1 Rd7 23. Qc2 Red8 24. Rxd7 Rxd7 25. Ng3 Qb7 26. Rd1 Rxd1+ 27.
Qxd1 Qa8 28. Qd6 c4 29. Nf5 Be8 30. h4 g6 31. Ne7+ Kg7 32. Nd5 Kg8 33. Nf6+ Kg7
34. Qe5 Kf8 35. Nxh7+ Kg8 36. Nf6+ Kf8 37. Nxe4 Qd8 38. Qh8+ Ke7 39. Qf6+ Kd7
40. Nc5+ Kc8 41. Qxa6+ 1-0

[Event "?"]
[Site "?"]
[Date "2011.06.02"]
[Round "1.5"]
[White "Yaka, Fatih"]
[Black "Su, Jahn"]
[Result "0-1"]
[WhiteElo "1036"]
[BlackElo "1474"]
[PlyCount "74"]
[EventDate "2011.??.??"]
[WhiteTeam "SK Bebenhausen 1992"]
[BlackTeam "Spvgg Böblingen"]

1. c3 c5 2. d4 cxd4 3. cxd4 d5 4. Qc2 Nc6 5. e3 g6 6. Bd3 Bd7 7. Nc3 Nb4 8. Qb1
Nxd3+ 9. Qxd3 e6 10. Nge2 Bg7 11. e4 dxe4 12. Nxe4 Bc6 13. f3 Ne7 14. Bg5 f5
15. Nc5 Kf7 16. Rd1 b6 17. Nb3 Qd7 18. O-O Nd5 19. Rd2 h6 20. Bh4 Bb5 21. Qb1
Rac8 22. Re1 Rc6 23. Nbc1 Rhc8 24. Nd3 g5 25. Bf2 Bxd3 26. Qxd3 Qc7 27. Rdd1
Rc2 28. Rb1 Qc4 29. Qd1 Qxa2 30. Ra1 Qxb2 31. Rxa7+ Kg6 32. g4 Rd2 33. gxf5+
exf5 34. Qa4 Nf6 35. Ng3 Rxf2 36. Qd7 Rg2+ 37. Kf1 Qf2# 0-1

[Event "?"]
[Site "?"]
[Date "2011.06.02"]
[Round "1.6"]
[White "Fröhlich, Bodo"]
[Black "Eberhardt, Juliane"]
[Result "1-0"]
[WhiteElo "1467"]
[BlackElo "1030"]
[PlyCount "43"]
[EventDate "2011.??.??"]
[WhiteTeam "SC Böblingen 1975 e.V."]
[BlackTeam "SC Weisse Dame Ulm e.V."]

1. c4 e5 2. d3 Bc5 3. Nf3 Nc6 4. g3 d5 5. cxd5 Qxd5 6. Nc3 Qd6 7. Bg2 Bd7 8.
O-O O-O-O 9. Ng5 Qf6 10. Nd5 Qf5 11. Be4 Qg4 12. Nxf7 Nge7 13. Nxe7+ Nxe7 14.
Nxe5 Qe6 15. Nxd7 Rxd7 16. a3 h6 17. b4 Rhd8 18. Bxb7+ Kxb7 19. bxc5 Qd5 20.
Rb1+ Kc8 21. Qa4 Qxc5 22. Qa6# 1-0

[Event "?"]
[Site "?"]
[Date "2011.06.02"]
[Round "1.7"]
[White "Zacke, Tamara"]
[Black "Basaran, Mehmet"]
[Result "0-1"]
[WhiteElo "992"]
[BlackElo "1456"]
[PlyCount "60"]
[EventDate "2011.??.??"]
[WhiteTeam "SV Stuttgart-Wolfbusch 1956 e.V."]
[BlackTeam "SV Unterkochen"]

1. e4 e5 2. Nf3 Nc6 3. Nc3 Bc5 4. Bc4 d6 5. d3 Nf6 6. Be3 Bb6 7. Nd5 Nxd5 8.
exd5 Ne7 9. Bb3 Bg4 10. O-O Nf5 11. Bxb6 axb6 12. Kh1 Nd4 13. Rg1 Qf6 14. Qf1
Nxf3 15. gxf3 Bxf3+ 16. Rg2 Qg5 17. Re1 Bxg2+ 18. Qxg2 Qxg2+ 19. Kxg2 g5 20. d4
f6 21. dxe5 fxe5 22. Kg3 h5 23. h3 Kd7 24. a3 Raf8 25. c3 Rf4 26. Bc2 Rhf8 27.
Re2 g4 28. h4 Rf3+ 29. Kg2 Rh3 30. Bg6 Rf6 0-1

[Event "?"]
[Site "?"]
[Date "2011.06.02"]
[Round "1.8"]
[White "Böse, Martin"]
[Black "Bürck, Alvin"]
[Result "1-0"]
[WhiteElo "1436"]
[BlackElo "991"]
[PlyCount "87"]
[EventDate "2011.??.??"]
[BlackTeam "SV Urach"]

1. e4 e5 2. Nf3 Nc6 3. Bc4 Nf6 4. Nc3 Bc5 5. d3 h6 6. O-O d6 7. a3 Bg4 8. h3
Bh5 9. g4 Nxg4 10. hxg4 Bxg4 11. Bb5 Qf6 12. Bxc6+ bxc6 13. Kg2 Qg6 14. Rg1 h5
15. Be3 Bb6 16. Qd2 f6 17. Nh4 Qf7 18. f3 Be6 19. Kf2 g5 20. Ng2 h4 21. Ne1 h3
22. Rh1 g4 23. fxg4 Bxg4 24. Nf3 Bxf3 25. Kxf3 f5 26. Ke2 f4 27. Bxb6 f3+ 28.
Kf2 axb6 29. Rag1 h2 30. Rg3 Kd7 31. Rxf3 Qg6 32. Rg3 Raf8+ 33. Kg2 Qh5 34. Qg5
Qxg5 35. Rxg5 Ke6 36. Rxh2 Rxh2+ 37. Kxh2 Rf2+ 38. Rg2 Rxg2+ 39. Kxg2 d5 40.
Kf3 d4 41. Ne2 c5 42. a4 Kd6 43. Kg4 c6 44. Kf5 1-0

[Event "?"]
[Site "?"]
[Date "2011.06.02"]
[Round "1.9"]
[White "Jüttner, Mark"]
[Black "Su, Kai"]
[Result "0-1"]
[WhiteElo "977"]
[BlackElo "1395"]
[PlyCount "54"]
[EventDate "2011.??.??"]
[WhiteTeam "SpVgg Rommelshausen"]
[BlackTeam "Spvgg Böblingen"]

1. e4 c5 2. Nc3 e6 3. Bc4 Nc6 4. Nf3 a6 5. a4 Be7 6. d3 Qc7 7. Be3 b6 8. d4
cxd4 9. Bxd4 Nxd4 10. Qxd4 Bf6 11. e5 Be7 12. Rd1 Bb7 13. Be2 Nh6 14. Qd3 Rd8
15. Qe3 Nf5 16. Qf4 h6 17. g4 Bxf3 18. Bxf3 Bc5 19. Qe4 Nh4 20. Be2 a5 21. Nb5
Qc6 22. Nd6+ Kf8 23. Qd3 Qxh1+ 24. Bf1 Ng2+ 25. Ke2 Nf4+ 26. Ke1 Nxd3+ 27. cxd3
Qxh2 0-1

[Event "?"]
[Site "?"]
[Date "2011.06.02"]
[Round "1.10"]
[White "Vogel, Uwe"]
[Black "Bressmer, Lisa"]
[Result "1-0"]
[WhiteElo "1339"]
[BlackElo "968"]
[PlyCount "105"]
[EventDate "2011.??.??"]
[WhiteTeam "SC Gross-Sachsenheim"]
[BlackTeam "SV Ebersbach"]

1. Nf3 d5 2. d3 e6 3. g3 Nf6 4. Bg2 b6 5. O-O Bb7 6. Nbd2 Nbd7 7. Re1 Bc5 8. d4
Bd6 9. c4 O-O 10. cxd5 exd5 11. Nh4 Re8 12. e3 a5 13. b3 Bc6 14. Qc2 Nb8 15.
Bb2 a4 16. Nhf3 Bd7 17. e4 Bb4 18. e5 Ng4 19. h3 Nh6 20. Bc3 Qe7 21. Bxb4 Qxb4
22. a3 Qb5 23. b4 Qc6 24. Qxc6 Bxc6 25. Rac1 Re7 26. Nf1 Bb5 27. Ne3 c6 28. g4
Bd3 29. Red1 Be4 30. Nh4 Bxg2 31. Kxg2 Kh8 32. g5 Ng8 33. Nhf5 Re6 34. Nd6 Ra7
35. b5 Rc7 36. bxc6 Ne7 37. Nxf7+ Kg8 38. Nd6 Nbxc6 39. Nb5 Rc8 40. f4 Rf8 41.
Rf1 Ng6 42. f5 Nh4+ 43. Kg3 Nxf5+ 44. Rxf5 Rd8 45. Nd6 Ne7 46. Rf4 Rg6 47. h4
h6 48. Kg4 Re6 49. Rc7 Ng6 50. Rff7 Nf8 51. Rxg7+ Kh8 52. Nf7+ Kxg7 53. Nxd8+
1-0

[Event "?"]
[Site "?"]
[Date "2011.06.02"]
[Round "1.11"]
[White "Langjahr, Marius"]
[Black "Thomas, Leonhard"]
[Result "0-1"]
[WhiteElo "972"]
[BlackElo "1279"]
[PlyCount "46"]
[EventDate "2011.??.??"]
[WhiteTeam "SC Gross-Sachsenheim"]
[BlackTeam "SV Fellbach"]

1. e4 e5 2. Nf3 Nc6 3. Bc4 Bc5 4. Nc3 d6 5. O-O Bg4 6. d3 Nd4 7. Bxf7+ Kf8 8.
Bd2 Nxf3+ 9. gxf3 Bh3 10. Bd5 Bxf1 11. Qxf1 c6 12. Bb3 Qf6 13. Qg2 Ne7 14. Bg5
Qg6 15. Bxe7+ Kxe7 16. Qxg6 hxg6 17. Ne2 Rh3 18. f4 Rah8 19. Kf1 Rxh2 20. Rd1
Rxf2+ 21. Ke1 Be3 22. fxe5 Rh1+ 23. Ng1 Rxg1# 0-1

[Event "?"]
[Site "?"]
[Date "2011.06.02"]
[Round "1.12"]
[White "Erben, Katrin"]
[Black "Hauger, Albrecht"]
[Result "1/2-1/2"]
[WhiteElo "1266"]
[BlackElo "954"]
[PlyCount "42"]
[EventDate "2011.??.??"]
[WhiteTeam "SV Stuttgart-Wolfbusch 1956 e.V."]
[BlackTeam "SC Schachmatt Botnang"]

1. e4 c5 2. Nc3 e6 3. Bc4 d6 4. Nf3 Nc6 5. O-O Nf6 6. d3 Be7 7. Re1 Qc7 8. Nb5
Qb8 9. Bg5 h6 10. Bh4 a6 11. Nc3 b5 12. Bb3 b4 13. Ba4 Bd7 14. e5 dxe5 15. Ne4
g5 16. Nxf6+ Bxf6 17. Bg3 Qc8 18. Nxe5 Ke7 19. Qf3 Bxe5 20. Bxe5 Nxe5 21. Rxe5
Bxa4 1/2-1/2

[Event "?"]
[Site "?"]
[Date "2011.06.02"]
[Round "1.13"]
[White "Dallinger, Frank"]
[Black "Konz, Andreas"]
[Result "1-0"]
[WhiteElo "955"]
[BlackElo "1255"]
[PlyCount "53"]
[EventDate "2011.??.??"]
[WhiteTeam "SV Stuttgart-Wolfbusch 1956 e.V."]
[BlackTeam "SV Marbach"]

1. e4 d5 2. Nc3 d4 3. Nb5 a6 4. Na3 e5 5. Nf3 Nc6 6. d3 b5 7. Bd2 Bc5 8. Rc1
Nf6 9. c3 O-O 10. cxd4 Bxa3 11. Rxc6 Bxb2 12. dxe5 Nd7 13. Bg5 f6 14. exf6 Bxf6
15. Bxf6 Rxf6 16. Qb3+ Kh8 17. Ng5 Qf8 18. Rxf6 gxf6 19. Ne6 Qd6 20. Be2 Ne5
21. Nf4 Nc6 22. Qf7 Nd8 23. Qe8+ Kg7 24. Nh5+ Kh6 25. O-O Bb7 26. Qh8 Ne6 27.
Qxf6# 1-0

[Event "?"]
[Site "?"]
[Date "2011.06.02"]
[Round "1.14"]
[White "Renn, Max"]
[Black "Jüttner, Dennis"]
[Result "0-1"]
[WhiteElo "1200"]
[BlackElo "943"]
[PlyCount "36"]
[EventDate "2011.??.??"]
[WhiteTeam "Le Cavalier (Differange) - Luxem"]
[BlackTeam "SpVgg Rommelshausen"]

1. d4 e6 2. Bf4 d5 3. Nc3 c5 4. dxc5 Bxc5 5. Bxb8 Rxb8 6. e4 Nf6 7. exd5 exd5
8. Nxd5 Nxd5 9. Bb5+ Kf8 10. Ne2 Qf6 11. Rb1 Qxf2+ 12. Kd2 Be3+ 13. Kd3 Nb4+
14. Kc3 Nxa2+ 15. Kb3 Be6+ 16. Ka3 Bc5+ 17. Ka4 Qh4+ 18. Ka5 Bb6# 0-1

[Event "?"]
[Site "?"]
[Date "2011.06.02"]
[Round "1.15"]
[White "Günay, Nuri"]
[Black "Renn, Kevin"]
[Result "1-0"]
[WhiteElo "831"]
[BlackElo "1200"]
[PlyCount "81"]
[EventDate "2011.??.??"]
[WhiteTeam "SC Gross-Sachsenheim"]
[BlackTeam "Le Cavalier (Differange) - Luxem"]

1. d4 d5 2. Nc3 Nf6 3. Bg5 Nc6 4. e3 Bg4 5. Nge2 Nb4 6. Qd2 Bf5 7. Rc1 Nxc2+ 8.
Rxc2 Bxc2 9. Qxc2 e6 10. Nf4 Qd7 11. Bb5 c6 12. Ba4 O-O-O 13. O-O h6 14. Bxf6
gxf6 15. Rd1 e5 16. dxe5 fxe5 17. Nfxd5 Rg8 18. Nb6+ axb6 19. Rxd7 Rxd7 20. Ne4
b5 21. Nf6 Rd8 22. Nxg8 bxa4 23. g3 a3 24. bxa3 Bxa3 25. Qf5+ Kc7 26. Qxe5+ Bd6
27. Qa5+ b6 28. Qa7+ Kc8 29. Qxb6 Bc7 30. Qxc6 Rd6 31. Ne7+ Kd8 32. Qb7 Rd7 33.
Nc6+ Ke8 34. Qc8+ Bd8 35. a4 Rd1+ 36. Kg2 Kf8 37. a5 Kg7 38. Qg4+ Bg5 39. Qxd1
h5 40. Qxh5 f6 41. f4 {Rest unvollständig} 1-0

[Event "?"]
[Site "?"]
[Date "2011.06.02"]
[Round "1.16"]
[White "Sandmeyer, Alexander"]
[Black "Fey, Karl-Heinz"]
[Result "1-0"]
[WhiteElo "1196"]
[BlackElo "815"]
[PlyCount "49"]
[EventDate "2011.??.??"]
[WhiteTeam "Stuttgarter SF 1879"]
[BlackTeam "SC 1926 Haßloch"]

1. c4 Nf6 2. Nc3 e6 3. Nf3 Bb4 4. g3 Bxc3 5. bxc3 O-O 6. Bg2 Nc6 7. O-O d5 8.
cxd5 exd5 9. d4 Re8 10. Bf4 Ne4 11. Qc2 b5 12. a4 b4 13. cxb4 Nxb4 14. Qb2 Rb8
15. Qc1 a5 16. Bxc7 Qf6 17. Bxb8 Ba6 18. Be5 Qe6 19. Ng5 Nxg5 20. Qxg5 f6 21.
Bxf6 Qf7 22. Be5 Bxe2 23. Rfc1 Nd3 24. Bxd5 Qxd5 25. Qxg7# 1-0

[Event "?"]
[Site "?"]
[Date "2011.06.02"]
[Round "1.17"]
[White "Reichardt, Julius"]
[Black "Sax, Leon"]
[Result "0-1"]
[WhiteElo "812"]
[BlackElo "1185"]
[PlyCount "60"]
[EventDate "2011.??.??"]
[WhiteTeam "SF Markgräflerland e."]
[BlackTeam "SC Gross-Sachsenheim"]

1. c4 Nc6 2. Nc3 g6 3. g3 b6 4. Bg2 Bb7 5. d3 Bg7 6. Bd2 e6 7. Nf3 Nge7 8. O-O
O-O 9. a3 Nf5 10. e4 Nfe7 11. b4 Ne5 12. Bf4 Nxf3+ 13. Bxf3 Bxc3 14. Bh6 d6 15.
c5 dxc5 16. bxc5 bxc5 17. Bxf8 Bxa1 18. Qxa1 Qxf8 19. Rb1 Rb8 20. Qe5 Qd8 21.
a4 Ba6 22. Rxb8 Qxb8 23. Qxc5 Qd8 24. Qxa7 Bxd3 25. e5 c5 26. Qxc5 Qb8 27. h4
Nf5 28. Qd6 Nxd6 29. exd6 Qxd6 30. a5 Qa3 0-1

[Event "?"]
[Site "?"]
[Date "2011.06.02"]
[Round "1.18"]
[White "Bauersfeld, Jasmin"]
[Black "Maly, Jan"]
[Result "1/2-1/2"]
[WhiteElo "1182"]
[BlackElo "811"]
[PlyCount "69"]
[EventDate "2011.??.??"]
[WhiteTeam "SC Weisse Dame Ulm e.V."]
[BlackTeam "SF 59 Kornwestheim"]

1. e4 e5 2. Nc3 Nf6 3. f4 Nc6 4. Nf3 d6 5. Bc4 Bg4 6. d3 Be7 7. Be3 O-O 8. O-O
exf4 9. Bxf4 Nd4 10. Kh1 Re8 11. Qd2 Bxf3 12. gxf3 Qd7 13. Qg2 Nh5 14. Rg1 Bf6
15. Nd5 Qe6 16. Nxc7 Qe7 17. Nxa8 Qd7 18. c3 Nxf4 19. Qg3 Nde2 20. Qf2 Nxg1 21.
Qxg1 Re5 22. Qxa7 Rg5 23. Nb6 Qc7 24. Nd5 Qc8 25. Nxf4 g6 26. Rg1 Qc7 27. Nd5
Qd8 28. Nxf6+ Qxf6 29. Rxg5 Qxg5 30. Qg1 Qd2 31. Qg2 Qe1+ 32. Qg1 Qe2 33. b4
Qxf3+ 34. Qg2 Qd1+ 35. Qg1 1/2-1/2

[Event "?"]
[Site "?"]
[Date "2011.06.02"]
[Round "1.19"]
[White "Naizghi, Agazit-Aida"]
[Black "Dahm, Simon"]
[Result "1-0"]
[WhiteElo "806"]
[BlackElo "1173"]
[PlyCount "91"]
[EventDate "2011.??.??"]
[WhiteTeam "SV Stuttgart-Wolfbusch 1956 e.V."]
[BlackTeam "Spvgg Böblingen"]

1. e4 c5 2. Nc3 d6 3. Bc4 Nf6 4. d3 g6 5. Nf3 Bg7 6. h3 O-O 7. O-O Nc6 8. Be3
a6 9. a3 Bd7 10. Rb1 b5 11. Ba2 Qa5 12. Bd2 b4 13. Ne2 Qb6 14. c3 a5 15. d4
Nxe4 16. Be1 Rfd8 17. Bc4 Rab8 18. d5 Ne5 19. Nxe5 Bxe5 20. axb4 axb4 21. cxb4
cxb4 22. b3 Bb5 23. Bd3 Bxd3 24. Qxd3 Nc5 25. Qd1 Ra8 26. Nd4 Ra2 27. f3 Rb8
28. Bf2 Qb7 29. Nc6 Rc8 30. Nxe5 dxe5 31. d6 exd6 32. Qxd6 Qc7 33. Qd5 Ne6 34.
Bg3 Qc5+ 35. Qxc5 Rxc5 36. Bf2 Rc3 37. Rfc1 Rxc1+ 38. Rxc1 Rb2 39. Bg3 Rxb3 40.
Bxe5 Rd3 41. Bf6 Nf8 42. Be7 Rc3 43. Rxc3 bxc3 44. Ba3 Ne6 45. Kf2 Nc5 46. Bxc5
1-0

[Event "?"]
[Site "?"]
[Date "2011.06.02"]
[Round "2.1"]
[White "Bitzel, Hubert"]
[Black "Sandmeyer, Alexander"]
[Result "1/2-1/2"]
[WhiteElo "1494"]
[BlackElo "1196"]
[PlyCount "95"]
[EventDate "2011.??.??"]
[WhiteTeam "TSF Ditzingen"]
[BlackTeam "Stuttgarter SF 1879"]

1. e4 c5 2. f4 Nc6 3. Nf3 d6 4. c3 g6 5. Bc4 Bg7 6. O-O Nf6 7. e5 dxe5 8. fxe5
Ng4 9. Bxf7+ Kxf7 10. e6+ Kg8 11. Ng5 Nge5 12. Nf7 Nxf7 13. exf7+ Kf8 14. Qe2
Bf5 15. Rf4 Bh6 16. Rc4 Bd3 17. Qe6 Bxc4 18. Qxc4 b6 19. Qe4 Qd6 20. b4 cxb4
21. cxb4 Qd4+ 22. Qxd4 Nxd4 23. Bb2 Bg7 24. Nc3 Kxf7 25. Rf1+ Ke8 26. a3 Rf8
27. Re1 Rd8 28. Nb5 Ne2+ 29. Rxe2 Bxb2 30. Nc7+ Kd7 31. Ne6 Bd4+ 32. Nxd4 Rf6
33. b5 Rc8 34. Nc6 a6 35. Rxe7+ Kd6 36. a4 axb5 37. axb5 Rc7 38. Re8 Rcf7 39.
h3 Rf2 40. d4 Rb2 41. Ne5 Rb1+ 42. Kh2 Re7 43. Nc4+ Ke6 44. d5+ Kf7 45. Nd6+
Kf6 46. Ne4+ Kf7 47. Nd6+ Kf6 48. Ne4+ 1/2-1/2

[Event "?"]
[Site "?"]
[Date "2011.06.02"]
[Round "2.2"]
[White "Thomas, Leonhard"]
[Black "Graf, Maximilian"]
[Result "1/2-1/2"]
[WhiteElo "1279"]
[BlackElo "1494"]
[PlyCount "48"]
[EventDate "2011.??.??"]
[WhiteTeam "SV Fellbach"]
[BlackTeam "SK e4 Gerlingen"]

1. e4 e5 2. Nf3 Nc6 3. Bb5 a6 4. Bxc6 dxc6 5. Nc3 Bd6 6. h3 Nf6 7. d3 h6 8. Bd2
Be6 9. Ne2 Qd7 10. Bc3 Qe7 11. Bxe5 Bxe5 12. Nxe5 O-O-O 13. Qd2 Nxe4 14. Qf4
Qb4+ 15. Kf1 Qxb2 16. Rc1 Nc3 17. Nc4 Nxe2 18. Kxe2 Qxa2 19. Ne3 Qb2 20. Rb1
Qd4 21. Qf3 Rhe8 22. Kd2 Rd6 23. Rhe1 a5 24. Nf5 Qc5 1/2-1/2

[Event "?"]
[Site "?"]
[Date "2011.06.02"]
[Round "2.3"]
[White "Dallinger, Moritz"]
[Black "Reichmann, Bernd"]
[Result "0-1"]
[WhiteElo "1489"]
[BlackElo "1165"]
[PlyCount "122"]
[EventDate "2011.??.??"]
[WhiteTeam "SV Stuttgart-Wolfbusch 1956 e.V."]
[BlackTeam "SV Fellbach"]

1. e4 e5 2. Nf3 Nc6 3. Bb5 d6 4. c3 Bd7 5. O-O Nf6 6. Re1 Be7 7. d4 O-O 8. b3
Re8 9. Bb2 a6 10. Bd3 Bg4 11. h3 Bxf3 12. Qxf3 exd4 13. cxd4 Nb4 14. a3 Nxd3
15. Qxd3 c6 16. Nc3 d5 17. e5 Nd7 18. b4 Nb6 19. Nd1 Qc8 20. Bc1 Nc4 21. Nb2
Nxb2 22. Bxb2 Qe6 23. Re3 Qg6 24. Qxg6 fxg6 25. f4 Rf8 26. Rf1 h5 27. g3 Rac8
28. Rc3 Rf5 29. g4 hxg4 30. hxg4 Rff8 31. f5 gxf5 32. gxf5 Kf7 33. Bc1 Rh8 34.
f6 gxf6 35. Bg5 Rcg8 36. Rg3 Rg6 37. Kg2 Rhg8 38. exf6 Bd6 39. Rg4 Rxg5 40.
Rxg5 Rxg5+ 41. Kh3 Rg6 42. Rf3 Rxf6 43. Rxf6+ Kxf6 44. Kg4 Bc7 45. a4 Bd6 46.
b5 axb5 47. axb5 cxb5 48. Kf3 Kf5 49. Ke3 b4 50. Kd3 b5 51. Kc2 Ke4 52. Kb3
Kxd4 53. Kb2 Ke4 54. Kb3 Ke3 55. Ka2 d4 56. Kb2 Ke2 57. Kc2 d3+ 58. Kb2 d2 59.
Ka2 d1=Q 60. Kb2 Be5+ 61. Ka2 Qc2# 0-1

[Event "?"]
[Site "?"]
[Date "2011.06.02"]
[Round "2.4"]
[White "Sax, Leon"]
[Black "Winterkorn, Nikolaus"]
[Result "0-1"]
[WhiteElo "1185"]
[BlackElo "1487"]
[PlyCount "108"]
[EventDate "2011.??.??"]
[WhiteTeam "SC Gross-Sachsenheim"]
[BlackTeam "DJK Sportbund Stuttgart e.V."]

1. e4 e5 2. Bc4 Nf6 3. Nf3 Bd6 4. Nc3 Nc6 5. O-O h6 6. b3 Be7 7. Bb2 d6 8. h3
Bd7 9. Re1 O-O 10. d4 exd4 11. Nxd4 Ne5 12. Bd5 c6 13. Bc4 Nxc4 14. bxc4 Qc7
15. Nf3 Be6 16. Qd3 Rfd8 17. Qe2 Nh7 18. Ba3 Ng5 19. Nxg5 Bxg5 20. c5 d5 21.
exd5 Bxd5 22. Nxd5 Rxd5 23. c4 Rd2 24. Qg4 Rad8 25. Bc1 R2d4 26. Qe2 Bxc1 27.
Raxc1 Kf8 28. Red1 Qf4 29. g3 Qf6 30. Rxd4 Qxd4 31. Qe3 Qd2 32. Qxd2 Rxd2 33.
Kf1 Rxa2 34. Rd1 Ke7 35. Re1+ Kf8 36. Kg2 Rc2 37. Ra1 Rxc4 38. Rxa7 Rxc5 39.
Rxb7 Rb5 40. Rc7 c5 41. Rc8+ Ke7 42. Rc7+ Kf6 43. Rc6+ Ke7 44. Rc7+ Ke6 45.
Rc6+ Kd7 46. Ra6 Kc7 47. Ra7+ Rb7 48. Ra5 Kc6 49. Ra6+ Kd5 50. Ra5 Kd4 51. Ra4+
c4 52. Kf1 Kd3 53. Ke1 c3 54. Kd1 Rb1# 0-1

[Event "?"]
[Site "?"]
[Date "2011.06.02"]
[Round "2.5"]
[White "Su, Jahn"]
[Black "Baumann, Sonja"]
[Result "1/2-1/2"]
[WhiteElo "1474"]
[BlackElo "1148"]
[PlyCount "136"]
[EventDate "2011.??.??"]
[WhiteTeam "Spvgg Böblingen"]
[BlackTeam "SV Stuttgart-Wolfbusch 1956 e.V."]

1. e4 e5 2. Nf3 Nc6 3. Bc4 Bc5 4. c3 Nf6 5. d4 exd4 6. cxd4 Bb4+ 7. Bd2 Bxd2+
8. Nbxd2 d5 9. exd5 Nxd5 10. O-O Bg4 11. Re1+ Be6 12. Nb3 O-O 13. Nc5 Bc8 14.
Ne5 Nxe5 15. dxe5 Nb6 16. Bb3 Qxd1 17. Raxd1 Re8 18. e6 fxe6 19. Bxe6+ Bxe6 20.
Rxe6 Rxe6 21. Nxe6 c6 22. Rd8+ Rxd8 23. Nxd8 Na4 24. b3 Nc3 25. a4 b5 26. Nxc6
bxa4 27. bxa4 Nxa4 28. Nxa7 Kf7 29. f3 Nc5 30. Nc6 Kf6 31. Nb4 Ne6 32. Nd3 h6
33. Kf2 g6 34. Ke3 Kf5 35. h4 g5 36. g4+ Kf6 37. h5 Nc7 38. Ke4 Ke6 39. Nc5+
Kf6 40. Kd4 Nb5+ 41. Kc4 Nc7 42. Kd4 Nb5+ 43. Ke4 Nd6+ 44. Kd5 Nb5 45. Ne4+ Ke7
46. Ke5 Kf7 47. Nd6+ Nxd6 48. Kxd6 Kf6 49. Kd5 Kf7 50. Ke5 Ke7 51. Kd5 Kf7 52.
Kd6 Kf6 53. Kd5 Kf7 54. Ke5 Ke7 55. Kf5 Kf7 56. f4 gxf4 57. Kxf4 Kf6 58. Kg3
Ke5 59. Kf3 Kf6 60. Kf4 Ke6 61. Kg3 Ke5 62. Kh3 Kf6 63. Kh4 Ke6 64. Kg3 Kf6 65.
Kf4 Ke6 66. g5 hxg5+ 67. Kxg5 Kf7 68. Kh6 Kg8 1/2-1/2

[Event "?"]
[Site "?"]
[Date "2011.06.02"]
[Round "2.6"]
[White "Merk, Daniel"]
[Black "Fröhlich, Bodo"]
[Result "0-1"]
[WhiteElo "1126"]
[BlackElo "1467"]
[PlyCount "112"]
[EventDate "2011.??.??"]
[WhiteTeam "Schach-Pinguine Murrhardt e.V."]
[BlackTeam "SC Böblingen 1975 e.V."]

1. e4 d6 2. d4 e6 3. Nc3 Be7 4. Nf3 Nd7 5. Bd3 h6 6. O-O Ngf6 7. Be3 a6 8. h3
O-O 9. Qd2 e5 10. a3 b6 11. d5 Bb7 12. b4 c6 13. Bc4 cxd5 14. Nxd5 Nxd5 15.
Bxd5 Qc7 16. Rac1 Nf6 17. Bxb7 Qxb7 18. c4 Nxe4 19. Qd5 Qxd5 20. cxd5 b5 21.
Rfe1 f5 22. Rc7 Bd8 23. Rd7 a5 24. g3 axb4 25. axb4 Rf7 26. Rxf7 Kxf7 27. Kg2
Nc3 28. Rc1 Nxd5 29. Rc6 Ke6 30. Bc5 Be7 31. g4 Kd7 32. Nxe5+ dxe5 33. Rg6 Nf4+
34. Kf3 Nxg6 35. gxf5 Nh4+ 36. Kg4 Bf6 37. f3 Rc8 38. f4 exf4 39. Kxf4 Rxc5 40.
bxc5 b4 41. Ke3 b3 42. Kd3 b2 43. Kc2 Nxf5 44. h4 Kc6 45. h5 g6 46. hxg6 h5 47.
g7 Nxg7 48. Kb1 h4 49. Kc2 h3 50. Kb1 h2 51. Kc2 h1=Q 52. Kd2 Qc1+ 53. Kd3
b1=Q+ 54. Ke2 Qbc2+ 55. Kf3 Qa3+ 56. Kf4 Qf5# 0-1

[Event "?"]
[Site "?"]
[Date "2011.06.02"]
[Round "2.7"]
[White "Basaran, Mehmet"]
[Black "Dallinger, Frank"]
[Result "1-0"]
[WhiteElo "1456"]
[BlackElo "955"]
[PlyCount "85"]
[EventDate "2011.??.??"]
[WhiteTeam "SV Unterkochen"]
[BlackTeam "SV Stuttgart-Wolfbusch 1956 e.V."]

1. e4 e5 2. Nf3 Nc6 3. Bc4 Bc5 4. c3 d6 5. d4 Bb6 6. dxe5 Nxe5 7. Nxe5 dxe5 8.
Bxf7+ Ke7 9. Qxd8+ Kxd8 10. O-O Nf6 11. Bg5 Ke7 12. Bh5 Rf8 13. Nd2 h6 14.
Bxf6+ Rxf6 15. Nc4 g6 16. Bf3 Bd7 17. Nxe5 Rd8 18. Nxd7 Rxd7 19. Rad1 Rfd6 20.
Rxd6 Rxd6 21. Rd1 h5 22. Rxd6 Kxd6 23. e5+ Kxe5 24. Bxb7 g5 25. Kf1 h4 26. Ke2
Kf4 27. b4 a5 28. a3 g4 29. g3+ Ke5 30. Bc8 c5 31. Bxg4 axb4 32. axb4 c4 33.
f4+ Ke4 34. Be6 Bd4 35. cxd4 c3 36. Bb3 Kxd4 37. b5 Kc5 38. g4 Kxb5 39. g5 Kb4
40. Bc2 Ka3 41. g6 Kb2 42. Kd1 Ka1 43. g7 1-0

[Event "?"]
[Site "?"]
[Date "2011.06.02"]
[Round "2.8"]
[White "Jüttner, Dennis"]
[Black "Böse, Martin"]
[Result "0-1"]
[WhiteElo "943"]
[BlackElo "1436"]
[PlyCount "72"]
[EventDate "2011.??.??"]
[WhiteTeam "SpVgg Rommelshausen"]

1. e4 d6 2. d4 Nf6 3. Nc3 g6 4. Bc4 Bg7 5. Bf4 O-O 6. Nf3 Nbd7 7. O-O c5 8. d5
a6 9. a3 Nh5 10. Qd2 Nxf4 11. Qxf4 Ne5 12. Nxe5 Bxe5 13. Qf3 b5 14. Be2 Bd7 15.
b4 cxb4 16. axb4 Qc7 17. Ra3 Rfc8 18. Nd1 Qxc2 19. Ne3 Qb2 20. Nd1 Qxb4 21. Rb3
Qd2 22. Rd3 Qg5 23. g3 b4 24. h4 Qh6 25. Ne3 f5 26. g4 Qxh4 27. Qg2 f4 28. Nd1
Kg7 29. Rh3 Qg5 30. Rh1 Rc1 31. Qh3 h6 32. Qg2 a5 33. Qf3 h5 34. Qh3 Bxg4 35.
Bxg4 Qxg4+ 36. Qxg4 hxg4 0-1